Statistics for Most Popular Languages

Click here to take the quiz!

General Stats

  • This quiz has been taken 79 times
  • The average score is 10 of 16

Answer Stats

#Language% Correct
59English
97%
29French
96%
20Spanish
96%
6German
89%
9Portuguese
87%
5Russian
85%
22Arabic
79%
4Italian
76%
3Dutch
69%
3Hindi/ Urdu
65%
5Swahili
49%
4Malay
43%
3Persian
43%
4Serbo-Croatian
41%
3Sotho
12%
3Tswana
12%

Score Distribution

Percentile by Number Answered

Percent of People with Each Score

Your Score History

You have not taken this quiz